<?xml version="1.0" encoding="UTF-8"?>
<collection xmlns="http://www.loc.gov/MARC21/slim">
    <record>
        <controlfield tag="001">66667</controlfield>
        <controlfield tag="005">20180223094624.0</controlfield>
        <datafield tag="037" ind1=" " ind2=" ">
            <subfield code="a">GDOC-2016-27443</subfield>
        </datafield>
        <datafield tag="041" ind1=" " ind2=" ">
            <subfield code="a">spa</subfield>
        </datafield>
        <datafield tag="100" ind1=" " ind2=" ">
            <subfield code="0">(orcid)0000-0003-3849-0722</subfield>
            <subfield code="1">115133</subfield>
            <subfield code="a">Nievas López, Javier</subfield>
        </datafield>
        <datafield tag="245" ind1="0" ind2="0">
            <subfield code="9">27443</subfield>
            <subfield code="a">Aplicaciones econométricas</subfield>
        </datafield>
        <datafield tag="260" ind1=" " ind2=" ">
            <subfield code="a">Zaragoza</subfield>
            <subfield code="b">Universidad de Zaragoza</subfield>
            <subfield code="c">2016-2017</subfield>
        </datafield>
        <datafield tag="520" ind1=" " ind2=" ">
            <subfield code="a"> 
La asignatura de Aplicaciones Econométricas figura como una asignatura optativa cuatrimestral de 3 créditos dentro del Plan de Estudios del Grado en Economía (GE). Su impartición se lleva a cabo en el 2o ciclo, concretamente en el primer cuatrimestre de 4o curso de GE. De su docencia se ocupa el Departamento de Análisis Económico.
Dentro de la titulación, la asignatura tiene un carácter instrumental. En ella se conjugan los conocimientos adquiridos por el alumno sobre teoría económica, matemáticas y estadística con el objetivo de poder elaborar, estimar e interpretar modelos de comportamiento sobre determinadas variables económicas. Las herramientas informáticas ocupan un papel fundamental en todo este proceso.</subfield>
            <subfield code="b"> </subfield>
        </datafield>
        <datafield tag="521" ind1=" " ind2=" ">
            <subfield code="9">133</subfield>
            <subfield code="a">Economía</subfield>
        </datafield>
        <datafield tag="540" ind1=" " ind2=" ">
            <subfield code="a">by-nc-sa</subfield>
            <subfield code="b">Creative Commons</subfield>
            <subfield code="c">3.0</subfield>
            <subfield code="u">http://creativecommons.org/licenses/by-nc-sa/3.0/</subfield>
        </datafield>
        <datafield tag="830" ind1=" " ind2=" ">
            <subfield code="9">417</subfield>
        </datafield>
        <datafield tag="856" ind1="4" ind2=" ">
            <subfield code="s">14968</subfield>
            <subfield code="u">http://zaguan.unizar.es/record/66667/files/guia-27443-en.pdf</subfield>
            <subfield code="y">Guide (english)</subfield>
        </datafield>
        <datafield tag="856" ind1="4" ind2=" ">
            <subfield code="s">26942</subfield>
            <subfield code="u">http://zaguan.unizar.es/record/66667/files/guia-27443-es.pdf</subfield>
            <subfield code="y">Guía (idioma español)</subfield>
        </datafield>
        <datafield tag="970" ind1=" " ind2=" ">
            <subfield code="a">GDOC-2016-27443</subfield>
        </datafield>
        <datafield tag="980" ind1=" " ind2=" ">
            <subfield code="a">GDOC</subfield>
            <subfield code="b">Ciencias sociales y jurídicas</subfield>
            <subfield code="c">109</subfield>
        </datafield>
    </record>

    
</collection>